Crosslinking efficiency of dicumyl peoxide in natural rubber (Record no. 46192)

MARC details
000 -LEADER
fixed length control field 00311nam a2200109Ia 4500
100 ## - MAIN ENTRY--AUTHOR NAME
Personal name Thomas DK
245 #0 - TITLE STATEMENT
Title Crosslinking efficiency of dicumyl peoxide in natural rubber
260 ## - PUBLICATION, DISTRIBUTION, ETC. (IMPRINT)
Name of publisher Journal of Applied Polymer Science
Year of publication 1962
300 ## - PHYSICAL DESCRIPTION
Number of Pages 613-616
942 ## - ADDED ENTRY ELEMENTS (KOHA)
Koha item type Reprints
Holdings
Withdrawn status Lost status Damaged status Not for loan Home library Current library Date acquired Serial Enumeration / chronology Accession Number Koha item type
      Reprints RRII Library RRII Library 22/12/2021 Volume VI, Issue 24 P1557 Reprints